Operations and supply chain management (Registro nro. 303667)

Detalles MARC
000 -ENCABEZADO
Número de control [NR] 01447cam a2200373 a 4500
005 - FECHA Y HORA DE LA ÚLTIMA TRANSACCIÓN
control field 20220316083304.0
008 - DE LONGITUD FIJA DE DATOS DE ELEMENTOS - INFORMACIÓN GENERAL
Elementos de longitud fija [NR] 160725s2021 nyuado 001 0 eng d
020 ## - NUMERO INTERNACIONAL NORMALIZADO PARA LIBROS [R]
Número Internacional Normalizado del libro [NR] 0078024021
020 ## - NUMERO INTERNACIONAL NORMALIZADO PARA LIBROS [R]
Número Internacional Normalizado del libro [NR] 9781260575941
020 ## - NUMERO INTERNACIONAL NORMALIZADO PARA LIBROS [R]
Número Internacional Normalizado del libro [NR] 9781259666100 (15a.Ed.)
035 ## - NUMERO DE CONTROL DEL SISTEMA [R]
Número de control del sistema [NR] (OCoLC)862797575
040 ## - FUENTE DE CATALOGACION [NR]
Agencia de catalogación original [NR] CO-BoUCM
Idioma de catalogación [NR] spa
Quien Cataloga Deissy Garcia (modificó)
Quien Clasifica Sandra Palacio
041 0# - CODIGO DE IDIOMA [R]
Código de idioma para texto/pista de sonido o título separado [R] Inglés
100 1# - ASIENTO PRINCIPAL--NOMBRE PERSONAL [NR]
Nombre personal [NR] Jacobs, F. Robert
ID Autoridad 53534
245 10 - MENCION DE TITULO [NR]
Título [NR] Operations and supply chain management
Mención de responsabilidad, etc. [NR] F. Robert Jacobs ; Richard B. Chase
250 ## - MENCION DE EDICION [NR]
Mención de edición [NR] 16a.Ed.
260 ## - PUBLICACION, DISTRIBUCION, ETC. (PIE DE IMPRENTA) [R]
Lugar de publicación, distribución, etc. [R] Nueva York
Nombre del editor, distribuidor, etc. [R] McGraw-Hill Education
Fecha de publicación, distribución, etc. [R] 2021
300 ## - DESCRIPCION FISICA [R]
Extensión [R] xxvi, 724 páginas
Otros detalles físicos [NR] ilustraciones, tablas, gráficos, fotografías
504 ## - NOTA DE BIBLIOGRAFIA, ETC. [R]
Nota de bibliografía, etc. [NR] Incluye referencias bibliográficas e índices
650 #7 - ASIENTO SECUNDARIO DE MATERIA - TERMINO TEMATICO [R]
Término temático o nombre geográfico como elemento de entrada [NR] Administración de la calidad
9 (RLIN) 8549
650 #7 - ASIENTO SECUNDARIO DE MATERIA - TERMINO TEMATICO [R]
Término temático o nombre geográfico como elemento de entrada [NR] Administración de la producción
9 (RLIN) 8553
650 #7 - ASIENTO SECUNDARIO DE MATERIA - TERMINO TEMATICO [R]
Término temático o nombre geográfico como elemento de entrada [NR] Administración de proyectos
9 (RLIN) 8567
650 #7 - ASIENTO SECUNDARIO DE MATERIA - TERMINO TEMATICO [R]
Término temático o nombre geográfico como elemento de entrada [NR] Administración industrial
9 (RLIN) 8602
650 #7 - ASIENTO SECUNDARIO DE MATERIA - TERMINO TEMATICO [R]
Término temático o nombre geográfico como elemento de entrada [NR] Administración
9 (RLIN) 8524
Subdivisión general [R] Métodos de simulación
650 #7 - ASIENTO SECUNDARIO DE MATERIA - TERMINO TEMATICO [R]
Término temático o nombre geográfico como elemento de entrada [NR] Cadena de suministros
9 (RLIN) 10269
650 #7 - ASIENTO SECUNDARIO DE MATERIA - TERMINO TEMATICO [R]
Término temático o nombre geográfico como elemento de entrada [NR] Calidad total en administración
9 (RLIN) 10322
650 #7 - ASIENTO SECUNDARIO DE MATERIA - TERMINO TEMATICO [R]
Término temático o nombre geográfico como elemento de entrada [NR] Control de inventarios
9 (RLIN) 11889
650 #7 - ASIENTO SECUNDARIO DE MATERIA - TERMINO TEMATICO [R]
Término temático o nombre geográfico como elemento de entrada [NR] Control de la producción
9 (RLIN) 11892
650 #7 - ASIENTO SECUNDARIO DE MATERIA - TERMINO TEMATICO [R]
Término temático o nombre geográfico como elemento de entrada [NR] Diseño de productos
9 (RLIN) 13383
690 ## - ASUNTO AGREGADO LOCAL DE ENTRADA - TÉRMINO TEMÁTICO (OCLC, RLIN)
Acceso temático local Administración de empresas
9 (RLIN) 435
700 1# - ASIENTO SECUNDARIO - NOMBRE PERSONAL [R]
Nombre personal [NR] Chase, Richard B.
Fechas asociadas con el nombre [NR] 1939-
9 (RLIN) 78340
942 ## - ELEMENTOS DE ENTRADA AGREGADOS (KOHA)
Sistema de clasificación DEWEY
Tipo de ítem principal el descrito en 300a Libro de reserva
Tema principal Administración
Edición 16
Clasificación 658.5
Parte restante de la signatura top. J171os
Título oculto en OPAC No
Existencias
Fecha de último préstamo Total préstamos Total Renewals Signatura topográfica Código de barras Última vez visto Volúmen / Fascículo Ejemplar Costo de reposición Price effective from Tipo de ítem Perdido Sistema de clasificación Dañado No prestable Tipo de ítem específico Suprimido Ubicación habitual Ubicación actual Localización Fecha de creación Proveedor Forma de adquisición Costo
26/09/2022 3 3 658.5 J171os 100167075 11/12/2025 16a.Ed. Ej.1 156800.00 15/02/2021 Libro   DEWEY     Libro   Sede del emprendimiento y la innovación Sede del Emprendimiento, Innovación y Creación 1er piso 15/02/2021 157 Compra 156800.00
10/05/2023 3 3 658.5 J171os 100169880 11/12/2025 15a.Ed. Ej.1 26000.00 16/03/2022 Libro   DEWEY     Libro   Sede del emprendimiento y la innovación Sede del Emprendimiento, Innovación y Creación 1er piso 16/03/2022   Donación 0.00